RICS rural land market survey Great Britain (Record no. 105732)
[ view plain ]
| 000 -LEADER | |
|---|---|
| fixed length control field | 01518cam a2200229 4500 |
| 001 - CONTROL NUMBER | |
| control field | ##L134566 |
| 008 - FIXED-LENGTH DATA ELEMENTS--GENERAL INFORMATION | |
| fixed length control field | 060816n2006 000 0 eng u |
| 035 ## - SYSTEM CONTROL NUMBER | |
| System control number | (Sirsi) u134566 |
| 041 0# - LANGUAGE CODE | |
| Language code of text/sound track or separate title | eng |
| 050 04 - LIBRARY OF CONGRESS CALL NUMBER | |
| Classification number | 630 $2 18 |
| 110 2# - MAIN ENTRY--CORPORATE NAME | |
| Corporate name or jurisdiction name as entry element | Royal Institution of Chartered Surveyors |
| Subordinate unit | Public Affairs |
| 9 (RLIN) | 4679 |
| 245 00 - TITLE STATEMENT | |
| Title | RICS rural land market survey Great Britain |
| Remainder of title | second quarter 2006 |
| 260 ## - PUBLICATION, DISTRIBUTION, ETC. | |
| Place of publication, distribution, etc. | London |
| Name of publisher, distributor, etc. | RICS |
| Date of publication, distribution, etc. | 2006 |
| 490 #0 - SERIES STATEMENT | |
| Series statement | RICS Rural Land Market Survey Great Britain |
| Volume/sequential designation | Second Quarter 2006 |
| 520 ## - SUMMARY, ETC. | |
| Summary, etc. | Shows the farmland market gathering momentum in the year to the second quarter with prices rising by 9% compared to 3% in the first quarter. Demand for residential and non-residential farmland has risen with the latter outpacing the former. The resolution of the Single Farm Payment issue has lead to an increase in available land on the market in both the residential and non-residential sectors. Sales rose by 77% in the first quarter with activity the highest since the third quarter 2001. Surveyors have made upward revisions to their expectations for commercial farmland prices and expectations on the residential side remain buoyant. |
| 590 ## - LOCAL NOTE (RLIN) | |
| Local note | IKA220806 |
| 650 24 - SUBJECT ADDED ENTRY--TOPICAL TERM | |
| Topical term or geographic name entry element | RICS RURAL LAND MARKET SURVEY GREAT BRITAIN |
| 651 ## - SUBJECT ADDED ENTRY--GEOGRAPHIC NAME | |
| Geographic name | GREAT BRITAIN |
| 690 ## - LOCAL SUBJECT ADDED ENTRY--TOPICAL TERM (OCLC, RLIN) | |
| Topical term or geographic name as entry element | PROPERTY-RURAL AND NATURAL ASSETS-RURAL AND NATURAL ASSET MARKET |
| 856 40 - ELECTRONIC LOCATION AND ACCESS | |
| Uniform Resource Identifier | <a href="https://www.rics.org/profession-standards/knowledge-and-information-services/document-delivery-and-o">https://www.rics.org/profession-standards/knowledge-and-information-services/document-delivery-and-o</a> |
| Public note | email [email protected] to request a copy |
| 942 ## - ADDED ENTRY ELEMENTS (KOHA) | |
| Suppress in OPAC | 0 |
| Withdrawn status | Lost status | Source of classification or shelving scheme | Damaged status | Not for loan | Home library | Current library | Shelving location | Date acquired | Total Checkouts | Full call number | Barcode | Date last seen | Copy number | Price effective from | Koha item type |
|---|---|---|---|---|---|---|---|---|---|---|---|---|---|---|---|
| Dewey Decimal Classification | Virtual | Virtual | Online | 16/08/2006 | ONLINE PUBLICATION | 134566-2001 | 06/08/2019 | 1 | 06/08/2019 | Book |